000 00930pam a2200193 a 4500
999 _c5396
_d5396
020 _a0231065043
050 0 0 _aHD257
_b.W46
100 1 _aWeiss, Marc A.
245 1 4 _aThe rise of the community builders :
_bthe American real estate industry and urban land planning /
_cMarc A. Weiss.
260 _aNew York :
_bColumbia University Press,
_c1987.
300 _axii, 228 p. :
_bill. ;
_c24 cm.
440 4 _aThe Columbia history of urban life
500 _aIncludes index.
505 _aBuilding Communities -- The Rise of the Community Builders -- Community Builders and Urban Planers -- The Los Angeles Realty Board and Zoning -- The California Real Estate Association and Subdivision Regulations -- Community Builders and the Federal Housing Administration -- Conclusion: Modernizing the Real Estate Industry.
650 0 _aLand use, Urban
650 0 _aCity planning
650 0 _aReal estate development
942 _cBK